000 00325nam a2200145Ia 4500
100 _aGurewich N/ Gurewitch Ori etc
250 _a4
942 _cBK
654 _acomputer
245 _aTeach Yourself Visual C++ 5 in 21 days
260 _bTechmedia
_aBerkeley
_c1997
300 _a797
546 _aENGLISH
999 _c26828
_d26828